| 000 | 00367nam a2200157Ia 4500 | ||
|---|---|---|---|
| 100 | _akarvinen/Tero | ||
| 650 | _asensors | ||
| 942 | _cBK | ||
| 366 | _f20 | ||
| 654 | _asensors | ||
| 245 | _aMake:Sensors-Projects and experiments to measure the world with arduino and Raspberry Pi | ||
| 260 |
_bSPD _c2014 |
||
| 082 | _bKAR | ||
| 300 | _a377 | ||
| 546 | _aENGLISH | ||
| 999 |
_c32770 _d32770 |
||